| 000 | 00685nam a2200217Ii 4500 | ||
|---|---|---|---|
| 003 | JO-AjNU | ||
| 008 | 230605s9999||||xx |||||||||||||| ||und|| | ||
| 017 | _a1988/1456 | ||
| 040 |
_aJO-AjNU _bara _erda _cJO-AjNU |
||
| 041 | _aara | ||
| 050 | 1 | 4 | _aK3400.K4268.1988 |
| 100 | 3 |
_a خماس ، فاروق احمد , _eauthor _935411 |
|
| 245 | 0 | 0 | _aالرقابة على أعمال الإدارة |
| 250 | _a(د،ط) | ||
| 264 | 3 | 1 | _aالموصل : جامعة الموصل ، 1988 |
| 300 | _a132ص | ||
| 336 |
_atext _btxt _2rdacontent |
||
| 337 |
_aunmediated _bn _2rdamedia |
||
| 338 |
_avolume _bnc _2rdacarrier |
||
| 650 | 4 |
_aقانون اداري -- قضاء اداري _935412 |
|
| 999 |
_aA14618 _c18186 _d18186 |
||